Digesto delle discipline penalistiche / 4 DIR - E
| Tipo de documento: | Print Libro |
|---|---|
| Lenguaje: | Lengua no determinada |
| Publicado: |
Torino
UTET
1990
|
| En: |
Digesto delle discipline penalistiche diritto penale, ... medicina legale e criminologia
Año: 1990 |
| Edición: | 4. ed. |
| Disponibilidad en Tübingen: | Disponible en Tübingen. UB: KB 18 A 3515-4 |
| Verificar disponibilidad: | HBZ Gateway |
| Servicio de pedido Subito: | Pedir ahora. |
MARC
| LEADER | 00000cam a2200000 cc4500 | ||
|---|---|---|---|
| 001 | 1091249830 | ||
| 003 | DE-627 | ||
| 005 | 20220514124524.0 | ||
| 007 | tu | ||
| 008 | 900807s1990 xx ||||| 00| ||und c | ||
| 020 | |a 8802043914 |9 88-02-04391-4 | ||
| 035 | |a (DE-627)1091249830 | ||
| 035 | |a (DE-576)021249830 | ||
| 035 | |a (DE-599)BSZ021249830 | ||
| 035 | |a (OCoLC)247234999 | ||
| 040 | |a DE-627 |b ger |c DE-627 |e rakwb | ||
| 245 | 0 | 0 | |a Digesto delle discipline penalistiche |n 4 |p DIR - E |c [comitato scientifico: Rodolfo Sacco, pres.] |
| 250 | |a 4. ed. | ||
| 264 | 1 | |a Torino |b UTET |c 1990 | |
| 300 | |a XIX, 500 S. | ||
| 336 | |a Text |b txt |2 rdacontent | ||
| 337 | |a ohne Hilfsmittel zu benutzen |b n |2 rdamedia | ||
| 338 | |a Band |b nc |2 rdacarrier | ||
| 583 | 1 | |a Archivierung prüfen |c 20200919 |f DE-640 |z 3 |2 pdager | |
| 773 | 1 | 8 | |a Digesto delle discipline penalistiche diritto penale, ... medicina legale e criminologia |w (DE-627)1083943537 |w (DE-576)013943537 |g 4 |q 4 |7 nnam |
| 951 | |a MV | ||
| ELC | |b 1 | ||
| LOK | |0 000 xxxxxcx a22 zn 4500 | ||
| LOK | |0 001 2148944673 | ||
| LOK | |0 003 DE-627 | ||
| LOK | |0 004 1091249830 | ||
| LOK | |0 005 20151019110052 | ||
| LOK | |0 008 900807||||||||||||||||ger||||||| | ||
| LOK | |0 040 |a DE-21 |c DE-627 |d DE-21 | ||
| LOK | |0 852 |a DE-21 | ||
| LOK | |0 852 1 |c KB 18 A 3515-4 |9 00 | ||
| LOK | |0 935 |a krim | ||
| LOK | |0 939 |a 07-08-90 |b l01 | ||
| ORI | |a SA-MARC-krimdoka001.raw | ||
| SIG | |a UB: KB 18 A 3515-4 | ||
